000 00678nam a2200217Ii 4500
003 JO-AjNU
008 230605s9999||||xx |||||||||||||| ||und||
017 _a1991/8/390
040 _aJO-AjNU
_bara
_erda
_cJO-AjNU
041 _aara
050 1 4 _aHV658 1991
100 3 _a سنقرط، ميسون داود ,
_eauthor
_919747
245 0 0 _aانت طالق
250 _aط1
264 3 1 _aعمان: د.ن، 1991
300 _a127ص
_bيحتوي على ببلوغرافية من 126-127ص
336 _atext
_btxt
_2rdacontent
337 _aunmediated
_bn
_2rdamedia
338 _avolume
_bnc
_2rdacarrier
650 4 _aالاحوال الاجتماعية - ثقافة
_919748
999 _aA6571
_c10139
_d10139